Southville International School and Colleges
Your cart is empty.
  • Cart
  • Lists
    Public lists Eva Luna New books Lux_list list_1
    Your lists Log in to create your own lists
  • Log in to your account
  • Your cookies
  • Search history
Southville International School and Colleges
  • Advanced search
  • Recent comments
  • Most popular
  • Libraries

Log in to your account

Log in with GOOGLE


If you do not have an external account, but do have a local account, you can still log in:

  1. Home
  2. MARC view: Mrs. Jeepers' scariest halloween ever /
Normal view MARC view ISBD view

Mrs. Jeepers' scariest halloween ever / (Record no. 34507)

[ view plain ]
MARC details
000 -LEADER
fixed length control field 01432cam a2200409 a 4500
001 - CONTROL NUMBER
control field 14198431
003 - CONTROL NUMBER IDENTIFIER
control field OSt
005 - DATE AND TIME OF LATEST TRANSACTION
control field 20140310184445.0
008 - FIXED-LENGTH DATA ELEMENTS--GENERAL INFORMATION
fixed length control field 051213s2005 nyua b 000 1 eng d
010 ## - LIBRARY OF CONGRESS CONTROL NUMBER
LC control number 2005296659
020 ## - INTERNATIONAL STANDARD BOOK NUMBER
International Standard Book Number 0439775272 (pbk.)
020 ## - INTERNATIONAL STANDARD BOOK NUMBER
International Standard Book Number 9780439775274
035 ## - SYSTEM CONTROL NUMBER
System control number (OCoLC)ocm61108773
040 ## - CATALOGING SOURCE
Original cataloging agency BKX
Transcribing agency BKX
Modifying agency BAKER
-- XY4
-- OCLCQ
-- DLC
042 ## - AUTHENTICATION CODE
Authentication code lcac
-- lccopycat
050 00 - LIBRARY OF CONGRESS CALL NUMBER
Classification number PZ 7
Item number .D128m7 2005
100 1# - MAIN ENTRY--PERSONAL NAME
Personal name Dadey, Debbie.
9 (RLIN) 4137
245 10 - TITLE STATEMENT
Title Mrs. Jeepers' scariest halloween ever /
Statement of responsibility, etc by Debbie Dadey and Marcia Thornton Jones ; illustrated by John Steven Gurney.
260 ## - PUBLICATION, DISTRIBUTION, ETC. (IMPRINT)
Place of publication, distribution, etc New York :
Name of publisher, distributor, etc Scholastic Inc.,
Date of publication, distribution, etc 2005.
300 ## - PHYSICAL DESCRIPTION
Extent 103 p. :
Other physical details ill. ;
Dimensions 19 cm.
490 1# - SERIES STATEMENT
Series statement Adventures of the Bailey School kids super special ;
Volume number/sequential designation #7
521 1# - TARGET AUDIENCE NOTE
Target audience note
526 ## - STUDY PROGRAM INFORMATION NOTE
Reading level 630
562 ## - COPY AND VERSION IDENTIFICATION NOTE
Number of copies 1
650 #1 - SUBJECT ADDED ENTRY--TOPICAL TERM
Topical term or geographic name as entry element Halloween
Form subdivision Fiction.
9 (RLIN) 27677
650 #1 - SUBJECT ADDED ENTRY--TOPICAL TERM
Topical term or geographic name as entry element Teachers
Form subdivision Fiction.
9 (RLIN) 27678
650 #1 - SUBJECT ADDED ENTRY--TOPICAL TERM
Topical term or geographic name as entry element Monsters
Form subdivision Fiction.
9 (RLIN) 27679
650 #1 - SUBJECT ADDED ENTRY--TOPICAL TERM
Topical term or geographic name as entry element Schools
Form subdivision Fiction.
9 (RLIN) 27680
650 #1 - SUBJECT ADDED ENTRY--TOPICAL TERM
Topical term or geographic name as entry element Horror stories.
9 (RLIN) 3825
700 1# - ADDED ENTRY--PERSONAL NAME
Personal name Jones, Marcia Thornton.
9 (RLIN) 4140
700 1# - ADDED ENTRY--PERSONAL NAME
Personal name Gurney, John Steven,
Dates associated with a name 1962-
Relator term ill.
9 (RLIN) 27681
800 1# - SERIES ADDED ENTRY--PERSONAL NAME
Personal name Dadey, Debbie.
Title of a work Adventures of the Bailey School kids super special ;
Volume/sequential designation #7.
9 (RLIN) 27682
906 ## - LOCAL DATA ELEMENT F, LDF (RLIN)
a 7
b cbc
c copycat
d 2
e ncip
f 20
g y-gencatlg
942 ## - ADDED ENTRY ELEMENTS (KOHA)
Source of classification or shelving scheme Library of Congress Classification
Koha item type
Holdings
Withdrawn status Lost status Source of classification or shelving scheme Damaged status Home library Current library Shelving location Date acquired Total Checkouts Full call number Barcode Date last seen Copy number Price effective from Koha item type
    Library of Congress Classification   Luxembourg Library Luxembourg Library Scholastic Reading Center Section 10/10/2013   PZ 7 .D128m7 2005 LEX2031 04/18/2017 1 10/10/2013 Books
    Library of Congress Classification   Luxembourg Library Luxembourg Library Scholastic Reading Center Section 10/12/2013   PZ 7 .D128m7 2005 LEX2595 04/18/2017 1 10/12/2013 Books

Mrs. Jeepers' scariest halloween ever /

APA

Dadey D., Jones M. T. & Gurney J. S. (2005). Mrs. Jeepers' scariest halloween ever. New York: Scholastic Inc.

Chicago

Dadey Debbie, Jones Marcia Thornton and Gurney John Steven. 2005. Mrs. Jeepers' scariest halloween ever. New York: Scholastic Inc.

Harvard

Dadey D., Jones M. T. and Gurney J. S. (2005). Mrs. Jeepers' scariest halloween ever. New York: Scholastic Inc.

MLA

Dadey Debbie, Jones Marcia Thornton and Gurney John Steven. Mrs. Jeepers' scariest halloween ever. New York: Scholastic Inc. 2005.

  • Place hold
  • Print
  • Cite
  • Add to your cart (remove)
  • Save record
    BIBTEX Dublin Core MARCXML MARC (non-Unicode/MARC-8) MARC (Unicode/UTF-8) MARC (Unicode/UTF-8, Standard) MODS (XML) RIS
  • More searches
    Search for this title in:
    Other Libraries (WorldCat) Other Databases (Google Scholar) Online Stores (Bookfinder.com) Open Library (openlibrary.org)

Exporting to Dublin Core...

SOUTHVILLE LIBRARY

Southville International School and Colleges Library

1281 Tropical Ave. Cor. Luxembourg St., BF Homes International, Las Pinas City

Tel. No. 8256374 / 252358 Loc. 117/146

Powered by Koha